[Event "Montreal 3rd"]
[Site "Montreal"]
[Date "2002.08.04"]
[Round "10"]
[White "Rozentalis, Eduardas"]
[Black "Hebert, Jean"]
[Result "1/2-1/2"]
[WhiteElo "2564"]
[BlackElo "2416"]
[Annotator "Mueller,Karsten"]
[PlyCount "145"]
[EventDate "2002.07.25"]
[EventType "tourn"]
[EventRounds "11"]
[EventCountry "CAN"]
[EventCategory "11"]
[SourceTitle "CBM 091"]
[Source "ChessBase"]
[SourceDate "2002.11.12"]
[SourceVersion "1"]
[SourceVersionDate "2002.11.12"]
[SourceQuality "1"]

1. e4 e6 2. d4 d5 3. Nd2 Nf6 4. e5 Nfd7 5. Bd3 c5 6. c3 b6 7. Ne2 Ba6 8. Bxa6
Nxa6 9. O-O Nc7 10. c4 {[%cal Gd7c5,Gc7d5] mir gefällt dieser Zug nicht
besonders, da er den im Moment etwas perspektivlosen schwarzen Springern
schöne Felder in Aussicht stellt.} (10. f4 f5 (10... Be7 11. f5 exf5 12. Rxf5
f6 13. exf6 Bxf6 14. Rf1 O-O $11 {1/2-1/2 Yandemirov,V-Skomorokhin,R/Kstovo op
1994/EXP 42 (44)}) 11. exf6 (11. Nf3 Be7 12. Be3 c4 (12... O-O $5) 13. h3 h5
14. Qe1 $11 {0-1 Kinnmark,O-Geller,U/Siegen olm 1970/MCD-ol (40)}) 11... Nxf6
12. Ng3 (12. Nf3 Bd6 13. Kh1 $6 O-O 14. Be3 Qe8 $15 {0-1 Guedez,A-Prasca Sosa,
R/Merida 2000/CBM 79 ext (64)}) 12... Bd6 13. Nf3 O-O 14. Qe2 Qe7 (14... Qe8
15. Ne5 Rc8 {1/2-1/2 Liang Jinrong-Zhang Zhong/HeiBei CHN 2001/The Week in
Chess 351 (15)}) 15. Bd2 Rae8 16. Rae1 Nd7 17. Ne5 Bxe5 18. fxe5 Qh4 $11 {
1-0 Seifert,M-Fichtl,J/CSR-ch Pardubice 1965/MCD-ch (44). (43)}) (10. Nf4 $5 c4
(10... g6 11. Qg4 (11. c4 Qe7 $6 12. cxd5 exd5 13. Nf3 $14 {1/2-1/2 Henao,
R-Davila,E/Los Angeles 1991/TD 91\09 (57)}) 11... Nb8 12. Nf3 Nc6 13. dxc5 bxc5
14. b3 Qd7 15. Nd3 d4 $2 16. cxd4 Nxd4 17. Nxd4 Qxd4 18. Qxd4 cxd4 19. Bb2 $16
{1-0 Danov,K-Panov,V/Skopje 1967/MCD-r6 (57)}) (10... Be7 11. Qg4 (11. Nf3 O-O
$5 (11... b5 12. dxc5 Nxc5 13. Nd4 Qd7 14. Qg4 g6 15. Be3 $14 {1-0 Geller,
E-Mellado,J/Palma de Mallorca 1989/TD 89\13 (45)}) 12. Re1 (12. Qe2 Re8 {
1/2-1/2 Paraminski,A-Petek,M/CRO-chW Porec 1994/EXT 94ch2 (12)}) 12... a5 13.
Re3 a4 14. a3 f6 15. exf6 Rxf6 $11 {0-1 Wolff,P-Lputian,S/Wijk 1993/CBM 34/
[Knaak] (72)}) 11... g6 (11... O-O 12. Nh5 g6 13. Nf3 Kh8 14. Bh6 Rg8 15. Nf4
$14 {(Razuvaev)}) 12. Re1 Nb8 (12... Nf8 13. dxc5 bxc5 14. c4 Qd7 15. b3 h5 16.
Qf3 g5 $2 17. Nxh5 O-O-O 18. Nf6 Bxf6 19. Qxf6 $16 {Mueller,Ka-Moskalenko/
Budapest/1991}) 13. dxc5 bxc5 14. c4 Nc6 15. b3 (15. cxd5 Nxd5 16. Nxd5 Qxd5
17. Nf3 O-O 18. Bg5 $14 {(Razuvaev)}) 15... Qd7 16. Bb2 d4 17. Nd3 $14 {
1/2-1/2 Dorfanis,I-Fambas,I/Athens GRE 2000/The Week in Chess 297 (35)}) 11.
Qg4 (11. a4 a6 12. b4 b5 13. a5 Qe7 14. Re1 O-O-O 15. Qg4 h6 16. Nf3 g5 17. Nh5
f5 18. exf6 Nxf6 19. Nxf6 Qxf6 $11 {0-1 Wolff,P-Kortschnoj,V/Biel 1993/CBM 37/
[Ambroz] (34)}) (11. b3 b5 12. Qg4 g6 13. Nf3 Nb6 14. h4 h5 15. Qg3 Nc8 $6 16.
bxc4 bxc4 17. Rb1 $14 {Stein-Gorenstein, USSR 1967}) 11... b5 12. Nf3 g6 (12...
a5 13. Qg3 g6 14. h4 Nb6 15. h5 Kd7 16. Nh3 Be7 17. Nfg5 Qg8 18. h6 Kc6 19. Qf3
Rf8 20. Bf4 Rd8 21. Be3 Rf8 22. Bf4 {1/2-1/2 Fossan,E-Djurhuus,R/Gausdal 1993/
TD 93\09 (22)}) 13. h4 h6 (13... Be7 14. Bd2 Nb6 15. Nh3 Kd7 16. Bh6 Bf8 17.
Bg5 h5 18. Qf4 Qe8 19. Bf6 Rg8 20. Nhg5 Bh6 $13 {0-1 Marinkovic,S-Nikolic,Z/
Cetinje 1993/TD 93\08 (41)}) 14. Re1 Qe7 15. b3 Nb6 16. bxc4 Nxc4 17. h5 gxh5
18. Nxh5 $14 {1/2-1/2 Gallagher,J-Pelletier,Y/Pontresina 2000/CBM 79 (51)}) (
10. Ng3 Be7 (10... f5 11. exf6 Qxf6 12. Nf3 Bd6 13. Qd3 O-O 14. Bg5 Qf7 15.
Rae1 Rae8 $11 {1/2-1/2 Limbos,P-Angos,A/Moscow olm 1956/MCD-ol (21)}) 11. Nf3
h5 12. Ne1 g6 13. Nd3 Qc8 14. Be3 c4 15. Nf4 b5 16. Nh3 Qd8 17. Qd2 a5 18. a3
Nb8 19. Bg5 Nc6 20. Rfe1 Bxg5 21. Nxg5 Ne7 22. Qf4 Nf5 23. Nxf5 gxf5 24. Re3
Qe7 25. Rg3 Kd7 26. Nf3 Rh7 27. Rg5 Kc6 28. h4 Rb8 29. Nh2 b4 30. axb4 axb4 31.
Qc1 Rhh8 32. b3 bxc3 33. bxc4 dxc4 34. Qxc3 Qb4 35. Qf3+ Nd5 36. Nf1 Qc3 37.
Qd1 Qb3 38. Qe1 Qc3 39. Qd1 Qb3 40. Qe1 Qc3 {1/2-1/2 Tolush,A-Botvinnik,M/
Moscow 1952/URS-ch (40)}) 10... Be7 (10... cxd4 $5 {ist ebenfalls interessant,
z.B.} 11. Nf3 dxc4 12. Nexd4 Nd5 13. Bg5 Qc7) 11. Nf4 Bg5 $6 (11... cxd4 {
kam erneut stark in Betracht. Die Lage ist allerdings etwas unübersichtlich
und Eduardas Rozentalis hatte sicher etwas in petto, so dass man die Lage
genauer prüfen sollte, bevor man zu 11...cxd4 greift. Ich kann allerdings
keinen überzeugenden Weg für Weiß finden, z.B.} 12. cxd5 (12. Re1 $5) 12...
Nxe5 13. dxe6 (13. Qh5 Ng6 14. dxe6 Nxe6 15. Nxg6 fxg6 16. Qf3 Rf8) 13... Nxe6
14. Nxe6 fxe6 15. Nb3 Bf6) 12. Nf3 (12. Qg4 Bxf4 13. Qxf4 O-O 14. dxc5 (14. Nf3
$6 dxc4 15. dxc5 Nxc5 16. Qxc4 Qd3 $15) 14... Nxc5 15. Qg3 dxc4 16. Nxc4 Qd3
17. Qg4 $11) 12... Bxf4 13. Bxf4 dxc4 14. Bg5 Qc8 15. dxc5 Nd5 16. cxb6 axb6
17. Qd4 Qc5 18. Qg4 h5 (18... O-O $2 19. Bh6 $18) 19. Qh4 $6 (19. Qe4 $142)
19... Qb4 $15 20. Rfc1 Qxb2 21. Qxc4 O-O 22. Re1 Qb4 23. Qe2 ({Der Damentausch
} 23. Qxb4 Nxb4 24. Be7 Nc2 {spielt Schwarz in die Karten, z.B.} 25. Bxf8 Nxf8
26. Kf1 Ra5 27. Rad1 Nxe1 28. Kxe1 g5) 23... Rfc8 24. Rac1 $6 (24. h3 $142 $15)
24... Qa4 25. h3 $6 (25. Rxc8+ Rxc8 26. Rc1 Rxc1+ 27. Bxc1 Nc3 28. Qe1 Nxa2 29.
Bd2 Nc5 30. h3 $15 {/-/+}) 25... Rxc1 26. Bxc1 Qxa2 27. Bd2 Qc2 28. Rc1 Qf5 29.
Re1 Nc5 30. Qb5 Qd3 31. Qc6 Qa6 32. Rb1 Rc8 33. Qd6 $6 Qa4 34. Rc1 Qa8 35. Bg5
Rc6 ({The tricky Das trickreiche} 35... Kh7 $5 {uses the fact that White's
queen is almost imprisoned, e.g. kam stark in Betracht, da die weiße Dame
eingesperrt ist.} 36. Rd1 (36. Bd2 $4 Rd8 $19) 36... Kg6 37. Rxd5 Qxd5 38. Qxb6
Nd3 39. Qe3 Kh7 $19) 36. Qd8+ Qxd8 37. Bxd8 Rc8 38. Bg5 Ra8 39. Rb1 Ra3 40. Bd8
Nb3 41. Kh2 Kf8 42. Ne1 Nd2 43. Rc1 Ke8 44. Bc7 Kd7 45. Bd6 Ra2 46. Bf8 g6 47.
Nd3 Ne4 48. f3 Nd2 49. Kg1 (49. Kg3 $6 Ne3 50. Ne1 g5 51. Kh2 Ndc4 $19) 49...
Nb3 $6 ({After Nach} 49... b5 $5 {one sample line runs: geht eine mögliche
Variante:} 50. Nc5+ Ke8 51. Bh6 Nc4 52. Rb1 Na3 53. Rb3 b4 54. Nd3 Nc2 55. Rb2
Rxb2 56. Nxb2 Kd7 57. Kf2 Kc6 $19) 50. Rb1 Ra1 51. Rxa1 Nxa1 52. g4 Nc2 53. Kf2
Nd4 54. Kg3 Ne2+ 55. Kh4 Ke8 56. Bd6 Ng1 57. gxh5 gxh5 58. Ba3 Ne3 59. Bc1 Nf5+
60. Kxh5 Nxh3 61. Kg4 Ng1 62. Nf4 $6 Kd7 (62... Nd4 $5) 63. Bb2 Ne3+ 64. Kg3
Nd5 $2 (64... b5 $142 $17 65. Kf2 $2 (65. Bd4 $2 Nf5+ 66. Kf2 Nxd4 67. Kxg1
Nxf3+ $19) 65... Nd1+ 66. Kxg1 Nxb2 $19) 65. Nxd5 exd5 66. f4 Ke6 (66... d4 67.
Kf2 d3 68. Ke3 Ke6 69. Kxd3 Kf5 70. Bd4 $11) 67. Kg2 {[%mdl 4096] a curious
position: the knight has no escape from the perpetual attack. eine kuriose
Stellung: der Springer kann den ständigen Angriffen des Königs nicht entkommen.
} Kf5 (67... Ne2 68. Kf3 Ng1+ 69. Kg2 $11) 68. Kxg1 Kxf4 69. Kf2 Ke4 70. Ke2 d4
71. Kd2 b5 72. Ba1 b4 73. Bb2 (73. Bb2 b3 74. Ba1 Kxe5 75. Kd3 f5 76. Bxd4+ Kf4
77. Kc3 Ke4 78. Bb6 $11) 1/2-1/2

[Event "EU-Cup 19th"]
[Site "Rethymno"]
[Date "2003.09.30"]
[Round "3.2"]
[White "Rasik, Vitezslav"]
[Black "Brynell, Stellan"]
[Result "1-0"]
[WhiteElo "2466"]
[BlackElo "2511"]
[Annotator "Mueller,Karsten"]
[PlyCount "67"]
[EventDate "2003.09.28"]
[EventType "team-swiss"]
[EventRounds "7"]
[EventCountry "GRE"]
[SourceTitle "CBM 098"]
[Source "ChessBase"]
[SourceDate "2004.02.03"]
[SourceVersion "1"]
[SourceVersionDate "2004.02.03"]
[SourceQuality "1"]
[WhiteTeam "Trinec"]
[BlackTeam "Malmo Linhams"]
[WhiteTeamCountry "CZE"]
[BlackTeamCountry "SWE"]

1. e4 e6 2. d4 d5 3. Nd2 c5 4. Ngf3 Nf6 5. e5 Nfd7 6. c3 Nc6 7. Bd3 g6 8. O-O (
8. h4 $5) 8... Bg7 9. Re1 (9. b3 $2 O-O 10. Bb2 f6 $15) (9. Bb5 O-O 10. Re1 Qb6
11. Qa4 a6 12. Bxc6 bxc6 13. Nb3 c4 14. Na5 c5 15. b3 cxd4 16. cxd4 Qb5 17. Qa3
Nb6 18. Bg5 Re8 19. bxc4 Nxc4 20. Nxc4 dxc4 21. Bf6 Bb7 22. Bxg7 Kxg7 23. Rab1
Qd7 {1/2-1/2 Smirin,I-Bareev,E/Moscow PCA 1994 (46)}) 9... O-O $11 10. b3 $6 {
viel zu zahm.} (10. Nf1 cxd4 (10... f6 11. exf6 Qxf6 12. Ne3 $5 $11 {/+/= 1-0
Kunze,M-Poldauf,D/Bad Neuenahr 1991/CBM 24/[Knaak] (36)}) 11. cxd4 f6 (11...
Qb6 $5 {0-1 Balinas,R-Watson,J/San Francisco 1995/EXT 99 (42)}) 12. exf6 Qxf6
$5 (12... Nxf6 13. Bb5 Ne4 (13... Ne7 $6 14. Ng3 a6 15. Ba4 b5 16. Bb3 Nc6 17.
h3 $14 {1-0 Glek,I-Barsov,A/Utrecht op 1999 (20)}) 14. Bxc6 bxc6 15. Ng3 c5 16.
Be3 {1-0 Van de Mortel,J-Visser,Y/Leeuwarden 2001/CBM 80 ext (41)} Nxg3 17.
hxg3 c4 $11) 13. Bg5 Qf7 14. Be3 e5 $11 {0-1 Dembo,Y-Galyas,M/Budapest 2001/
CBM 82 ext (56)}) (10. h4 cxd4 11. cxd4 f6 12. exf6 Qxf6 $5 13. Nb3 e5 14. dxe5
Ndxe5 15. Be2 d4 $5 16. Bg5 Qf7 $132 {1/2-1/2 Roiz,M-Psakhis,L/Ramat Aviv/
Modiin 2000/CBM 81/[Psakhis] (26)}) 10... f6 11. exf6 Qxf6 12. Ba3 Rf7 (12...
e5 $5) 13. Qe2 $6 (13. Bb2 e5 14. c4 exd4 15. cxd5 Nce5 16. Be4 $13) (13. Bb5
cxd4 14. Bxc6 bxc6 15. cxd4 g5 $132) 13... cxd4 14. cxd4 Nxd4 15. Nxd4 Qxd4 16.
Nf3 Qf4 $2 ({Das typische französische Qualitätsopfer} 16... Rxf3 $1 {hätte
Schwarz schönes Spiel gegeben, z.B.} 17. gxf3 Ne5 (17... Be5 $2 18. Bd6 Bxd6
19. Qxe6+ Kg7 20. Qxd6 Qxd3 21. Re7+ $18) 18. Rad1 Qf4 19. Kg2 Qg5+ (19... Bd7
$5) 20. Kh1 Qf6 21. Kg2 Nc6 $15) 17. Rad1 (17. Rac1 $5) 17... Nf8 (17... e5 18.
Bd6 Rf6 19. Bxe5 Nxe5 20. Qxe5 Qxe5 21. Nxe5 $11) 18. h4 Bd7 $2 (18... Rc7 $2
19. g3 Qg4 20. Bd6 Rc6 21. Be5 $36) (18... a6 $142 $1 $11 {was called for. war
angesagt.}) 19. Ng5 Qxh4 (19... Rf6 $6 20. g3 Qc7 21. Bb2 $16) 20. Nxf7 Kxf7
21. Bb5 Qd8 22. Bxf8 Bxf8 23. Rd3 $2 (23. Bxd7 Qxd7 24. Qf3+ Kg8 25. Qe4 Kf7
26. Qf4+ Kg8 27. Qe5 Rd8 (27... Re8 28. Rxd5 $16) 28. Qxe6+ $16) 23... Bc8 $1 (
23... Bxb5 $2 24. Rf3+ Kg8 25. Qxb5 Qc7 26. Rxe6 $16) 24. Rc1 a6 25. Rf3+ Kg8
26. Rfc3 {[%cal Gc3c8,Ge2e6]} {[%tqu "En","Find Black's best defense!","","",
"g8h8","",8,"e6e5","",0,"De","Welches ist die beste schwarze Verteidigung?","",
"","g8h8","",8,"e6e5","",0]} Kh8 $2 (26... e5 $3 27. Qxe5 Bf5 28. Bd3 Bg7 $15 {
/-/+}) 27. Qe5+ $18 Bg7 (27... Kg8 28. Rxc8 $18) 28. Qc7 $1 Qg8 29. Qxc8 Rxc8 (
29... Bxc3 30. Qxc3+ $18) 30. Rxc8 Bf8 (30... axb5 31. Rxg8+ Kxg8 32. Rc7 $18)
31. Bf1 b5 32. R1c7 e5 33. g3 e4 34. Bh3 (34. Bh3 d4 35. Be6 Qxe6 36. Rxf8+ Qg8
37. Rxg8+ Kxg8 38. Re7 $18) 1-0

[Event "SUI-ch"]
[Site "Leukerbad"]
[Date "2002.07.11"]
[Round "1"]
[White "Gallagher, Joseph G"]
[Black "Zueger, Beat"]
[Result "1-0"]
[WhiteElo "2517"]
[BlackElo "2430"]
[Annotator "Mueller,Karsten"]
[PlyCount "55"]
[EventDate "2002.07.11"]
[EventType "tourn"]
[EventRounds "9"]
[EventCountry "SUI"]
[EventCategory "9"]
[SourceTitle "CBM 091"]
[Source "ChessBase"]
[SourceDate "2002.11.12"]
[SourceVersion "1"]
[SourceVersionDate "2002.11.12"]
[SourceQuality "1"]

1. e4 e6 2. d4 d5 3. Nd2 Nf6 4. e5 Nfd7 5. c3 c5 6. Bd3 Nc6 7. Ngf3 g6 8. h4
Qb6 9. h5 $5 Bg7 ({For} 9... g5 10. Nxg5 cxd4 11. cxd4 Nxd4 12. Ndf3 Bc5 {
see 0-1 Alikhanov,F-Potkin,V/Krasnodar RUS 2002 in this CBM issue. siehe 0-1
Alikhanov,F-Potkin,V/Krasnodar RUS 2002 in dieser CBM Ausgabe.}) 10. Rh4 $1
gxh5 $5 (10... cxd4 11. cxd4 g5 $2 {seems to be refuted: scheint widerlegt zu
sein:} 12. Nxg5 Nxd4 13. h6 $1 Bxe5 (13... Nxe5 14. Nb3 $18) 14. Qh5 Nc5 (14...
Rf8 15. Nxh7 Rg8 16. Ng5 $16 {[%cal Gh6h8]}) 15. Bb1 Rf8 16. Nxh7 Qc7 17. Nxf8
Ncb3 18. Nxb3 Nxb3 19. axb3 Qxc1+ 20. Qd1 $18 {1-0 Zalkind,K-Sarkar,J/Witley
1999/CBM 71 ext (46)}) 11. Nf1 Nf8 $2 ({Black had to try Schwarz musste} 11...
cxd4 12. cxd4 f6 13. Ng3 fxe5 14. Nxh5 (14. Ng5 $5) 14... Bf8 15. dxe5 Bb4+ 16.
Kf1 Ndxe5 17. Nxe5 Nxe5 {, but his position looks suspicious. versuchen.
Allerdings sieht seine Stellung verdächtig aus.}) 12. Ng3 $16 Ng6 (12... cxd4
13. cxd4 Ng6 14. Nxh5 Nxh4 15. Nxg7+ Kf8 16. Nxh4 Qb4+ 17. Kf1 Kxg7 18. Qg4+
Kf8 19. Bh6+ Ke7 20. Qg7 $40) 13. Nxh5 Rg8 (13... Nxh4 14. Nxg7+ Kf8 15. Nxh4
Kxg7 16. Qg4+ Kf8 17. Bh6+ Ke7 18. Qg7 Re8 (18... Qxb2 $2 19. Bg5+ Ke8 20.
Qxh8+ Kd7 21. Rc1 $18) 19. Nf5+ Kd8 (19... exf5 $4 20. Qf6+ Kd7 21. Qd6#) 20.
Bg5+ Kc7 21. Nd6 $16) (13... Bxe5 $6 14. dxe5 Nxh4 15. Nxh4 Nxe5 16. Nf6+ Ke7
17. Bg5 $40) 14. dxc5 Qxc5 15. Be3 Qf8 $6 (15... Qe7 $16) 16. Bxg6 $18 hxg6 (
16... fxg6 $6 17. Rf4 gxh5 (17... Qe7 $6 18. Nf6+ Bxf6 19. exf6 Qf7 20. Ng5 $18
) 18. Rxf8+ Bxf8 19. Ng5 $18) 17. Nxg7+ Qxg7 18. Bh6 Qh8 19. Qe2 g5 20. Bxg5
Qg7 21. Bf6 Qg6 (21... Qxg2 $6 22. Kd2 Qg6 23. Rg1 $18) 22. O-O-O Bd7 {I guess
that the players were either in great time trouble from now on or the
following moves were not played at all and there is a mistake in the game
score. Ich denke, dass das Folgende entweder von hochgradiger Zeitnot
gekennzeichnet ist oder die Notation stimmt nicht.} 23. Rhh1 $6 (23. Ng5 $5) ({
I guess that the end of the game was as follows: Ich vermute, dass} 23. Rdh1
Rc8 24. a3 Qxg2 $2 25. Rh8 Ne7 26. Rxg8+ Nxg8 27. Rg1 {1-0 das Ende der Partie
war.}) 23... Rc8 24. a3 $6 (24. Nh4 $18) 24... Qxg2 $2 25. Rh8 $2 (25. Rhg1 $18
) 25... Ne7 $2 (25... Rxh8 26. Bxh8 Qg6 27. Rh1 Na5 28. Nd4 Ba4 29. Bf6 $14)
26. Rxg8+ $2 (26. Rg1 $18) 26... Nxg8 $2 (26... Qxg8 27. Rh1 Ng6 28. Nd4 $16)
27. Rg1 Qxg1+ 28. Nxg1 1-0

[Event "EU-chT (Men) 14th"]
[Site "Plovdiv"]
[Date "2003.10.17"]
[Round "6.1"]
[White "Kotronias, Vasilios"]
[Black "Shaw, John"]
[Result "1-0"]
[WhiteElo "2626"]
[BlackElo "2465"]
[Annotator "Mueller,Karsten"]
[PlyCount "57"]
[EventDate "2003.10.10"]
[EventType "team-swiss"]
[EventRounds "9"]
[EventCountry "BUL"]
[SourceTitle "CBM 098"]
[Source "ChessBase"]
[SourceDate "2004.02.03"]
[SourceVersion "1"]
[SourceVersionDate "2004.02.03"]
[SourceQuality "1"]
[WhiteTeam "Cyprus"]
[BlackTeam "Scotland"]
[WhiteTeamCountry "CYP"]
[BlackTeamCountry "SCO"]

1. e4 e6 2. d4 d5 3. Nd2 Nf6 4. e5 Nfd7 5. c3 c5 6. Bd3 Nc6 7. Ne2 cxd4 8. cxd4
f6 9. exf6 Nxf6 10. Nf3 Bd6 11. O-O O-O 12. Bf4 Bxf4 13. Nxf4 Ne4 14. g3 g5 (
14... Qf6 $5) 15. Nh5 $5 e5 $2 {diese Öffnung der Stellung ist ein bekannter
Fehler. Schwarz sollte sich zunächst weiter entwickeln:} (15... Bd7 $1 {
is called for, e.g.} 16. Ne5 Be8 17. Qg4 (17. Nxc6 bxc6 18. Qg4 Kh8 $132 (18...
Bxh5 $6 19. Qxh5 Qf6 20. Rae1 $14)) 17... Kh8 (17... Nxd4 $5) (17... Nxe5 18.
dxe5 Nc5 19. Bc2 Bxh5 20. Qxh5 Qe7 21. Qg4 Kh8 22. Rae1 $132 {1-0
Tzermiadianos,A-Georgiou,A/Ankara 1995/CBM 49 ext (63)}) 18. Rad1 Nxe5 (18...
Qe7 $6 19. f3 Nd6 $6 20. Rde1 $16 {1-0 Shchekachev,A-Andrienko,A/Jurmala 1991/
CBM 24/[Knaak] (41)}) 19. dxe5 Nc5 20. Bb1 Bxh5 21. Qxh5 Qe7 22. Rd4 $132 {
0-1 Rublevsky,S-Ulibin,M/Krasnoyarsk RUS 2003/The Week in Chess 462 (60)}) 16.
Nxe5 Nxd4 (16... Nxe5 17. dxe5 Nxf2 18. Rxf2 Rxf2 19. Kxf2 Qb6+ 20. Kg2 Qxb2+
21. Kh1 Bh3 22. Bf1 Bf5 23. Qxd5+ Kf8 24. Qd6+ Kg8 25. Bc4+ {1-0 Kruszynski,
W-Morkisz,B/POL 1995/EXT 2001 (25)}) 17. Qa4 $5 Qb6 18. Bxe4 $1 dxe4 19. Rad1
Nf3+ (19... Ne2+ 20. Kg2 Qe6 21. Nd7 Bxd7 22. Qxd7 $16) 20. Nxf3 exf3 21. Qc4+
$2 (21. Rfe1 $1 Bf5 22. Qc4+ Rf7 23. Rd5 $1 Qc6 24. Qd4 Qb6 25. Qd2 Bg6 26. Rd6
Qc5 27. Nf6+ Kh8 28. Nd7 Qf5 29. Qd4+ Rg7 30. Nf6 Qc8 31. h3 Qf8 32. Re5 Bf7
33. Rd7 {1-0 Schoonhoven,J-Ibar,M/IECG Email 2002/MegaCorr3 (33).}) 21... Rf7
$2 (21... Qe6 $1 22. Rd5 h6 23. Rc1 Qf7 24. Rd6 Qxc4 25. Rxc4 Bh3 $132 {
was called for. war angesagt.}) 22. Rd5 h6 23. Re1 $6 (23. Qd3 $1 Bh3 (23...
Bg4 24. Rd6 Bxh5 25. Rxb6 axb6 26. Re1 $18) 24. Rd6 $18 {[%cal Gd3g6]}) 23...
Bh3 24. Qd3 $2 (24. g4 $1 Qa6 25. Qxa6 bxa6 26. Rd6 Rb8 27. b3 Bxg4 (27... Rb6
$2 28. Re8+ Rf8 (28... Kh7 29. Nf6+ Rxf6 30. Rd7+ Rf7 (30... Kg6 $2 31. Rg8#)
31. Rxf7+ $18) 29. Nf6+ Kg7 30. Rd7+ Kxf6 31. Rxf8+ $18) 28. Nf6+ $16 {[%cal
Gf6g8,Gf6g4]}) 24... Rc8 $2 (24... Qa6 $1 25. Qxa6 (25. Qb3 $2 Qg6 $1 (25...
Bg4 $2 26. Qb4 Bxh5 27. Rd6 $40)) 25... bxa6 26. Rd6 Rb8 $132) 25. Rd6 $1 Bf5
26. Nf6+ Rxf6 27. Qd5+ Kg7 $6 (27... Be6 {war zäher:} 28. Rxb6 Bxd5 29. Rxf6
Rc2 30. Rxh6 $18) 28. Rxb6 axb6 29. Qxb7+ 1-0

[Event "EU-Cup 21st"]
[Site "Saint Vincent"]
[Date "2005.09.21"]
[Round "4.1"]
[White "Godena, Michele"]
[Black "Cobb, Charles"]
[Result "1/2-1/2"]
[WhiteElo "2522"]
[BlackElo "2405"]
[Annotator "Mueller,Karsten"]
[PlyCount "190"]
[EventDate "2005.09.18"]
[EventType "team-swiss"]
[EventRounds "7"]
[EventCountry "ITA"]
[SourceTitle "CBM 110"]
[Source "ChessBase"]
[SourceDate "2006.01.31"]
[SourceVersion "1"]
[SourceVersionDate "2006.01.31"]
[SourceQuality "1"]
[WhiteTeam "Penne"]
[BlackTeam "Cardiff"]
[WhiteTeamCountry "ITA"]
[BlackTeamCountry "WLS"]

1. e4 e6 2. d4 d5 3. Nd2 Nf6 4. e5 Nfd7 5. Bd3 c5 6. c3 Nc6 7. Ne2 cxd4 8. cxd4
f6 9. exf6 Nxf6 10. Nf3 Bd6 11. O-O Qc7 12. Bg5 O-O 13. Bh4 Nh5 14. Qc2 h6 15.
Bh7+ Kh8 16. Bg6 Rxf3 17. Bxh5 Rf8 18. Bg3 e5 19. dxe5 Bxe5 20. Rad1 Be6 21.
Nd4 Bg8 22. Nf3 Bxg3 23. hxg3 Bh7 24. Bg6 Bxg6 25. Qxg6 Rad8 26. Rfe1 Qf7 27.
Qc2 Rfe8 28. Rxe8+ Rxe8 29. Qb3 Rd8 30. g4 Kg8 31. g5 d4 32. Qd3 h5 33. a3 g6
34. b4 a6 35. Re1 Re8 36. Rxe8+ Qxe8 37. a4 Kh7 38. Qc4 Qg8 39. Qc5 Qe8 40. b5
axb5 41. axb5 Qe7 42. Qd5 Nd8 43. Qxd4 Nf7 44. Qd5 Kg7 45. g3 Kh7 46. b6 Kg7
47. Kg2 Kh7 48. Qc4 Kg7 49. Qc3+ Kg8 50. Qc8+ Kg7 51. Qc3+ Kg8 52. Qc4 Kg7 53.
Kf1 Kh7 54. Kg1 Kg7 55. Qc7 Qe4 56. Qc3+ Kg8 57. Qf6 Qb1+ 58. Kh2 Qe4 59. Nd2
Qd3 60. Qf4 Qd6 61. Qe3 Qe5 62. Ne4 Kg7 63. Kg2 Qd5 64. f3 Qa2+ 65. Qf2 Qxf2+
66. Kxf2 Ne5 67. Nd6 Nd7 68. Nc4 Kf7 69. Ke3 Ke6 70. Ke4 Nc5+ 71. Kd4 Nb3+ 72.
Kc3 Nc1 73. Kd2 Nb3+ 74. Ke3 Kd5 75. Nb2 Nc5 76. Nd3 Nd7 77. Nf4+ Ke5 78. Nxg6+
Kf5 79. Ne7+ Kxg5 80. Nd5 Kf5 81. Kd4 Ke6 82. f4 Kf5 83. Ne3+ Kf6 84. Nc4 Kf5
85. Kd5 (85. Ke3 $5 {musste versucht werden.}) 85... Kg4 86. Ne5+ {Auch nach} (
86. Kd6 Kxg3 87. Kxd7 Kxf4 88. Kc7 h4 $11 {rettet der h-Bauer Schwarz.}) 86...
Kxg3 87. Nxd7 h4 88. f5 h3 89. f6 h2 90. f7 h1=Q+ {und auf einmal muss Weiß
aufpassen, doch sein Prachtross sichert die Remisfestung:} 91. Ke6 Qc6+ 92. Ke7
Qe4+ 93. Kd8 Qh4+ 94. Ke8 Qe4+ 95. Kd8 Qh4+ 1/2-1/2